Το χρυσό βιβλίο του μπουζουκιού

Saved in:
Bibliographic Details
Main Author: Παλιάς, Σταύρος
Format: Book
Language:Greek
Published: Αθήνα : Γ. Νάκας, [1969]
Subjects:
Tags: Add Tag
No Tags, Be the first to tag this record!

MARC

LEADER 00000nam a2200000 i 4500
001 1/75899
008 960730s1969 gre d
035 |a 1988  |c Δωρεά  |l 10032252 
040 |a GR-MY-UA  |b gre  |e aacr 
041 0 |a gre 
082 0 |a 787.907 
100 1 |a Παλιάς, Σταύρος. 
245 1 3 |a Το χρυσό βιβλίο του μπουζουκιού /  |c Σταύρος Παλιάς 
260 |a Αθήνα :   |b Γ. Νάκας,   |c [1969] 
300 |a 151 σ. 
650 0 0 |a Bouzouki  |x Instruction and study. 
852 |a INST  |b RHODES  |e 19960730  |h 787.907 ΠΑΛ  |p 005400000727  |q 005400000727  |t BK  |y 0 
909 |a Ρ  |b 009810  |c 1988